00429nam a2200157 a 450000500170000000800410001702000180005805000290007610000190010524500490012425000120017326000370018530000210022252100070024365000210025020140310183332.0060825s19uu xx 00 eng d a9780240806952 aPN 1995.9.P7 b.C54 2006 aCleve, Bastian aFilm production management /cBastian Cleve. a3rd ed. aAmsterdam :bFocal Press,c2006. a226 p. :c26 cm. aMC aFilm production.